000 00688nam a2200205 u 4500
005 20240924070649.0
008 120123s2007 r 000 0 eng d
020 _a9788481649017
035 _aUPN01000183051
049 _aCG
050 4 _aD16.8
_bG3.2
100 1 _aGauchet, Marcel,
_d1946-
245 1 3 _aLa condición histórica :
_bconversaciones con Francois Azouvi y Sylvain Piron /
_cMarcel Gauchet ; tr. y presentación de Esteban Molina.
260 _aMadrid :
_bTrotta,
_c2007.
300 _a244 p.
440 0 _aEstructuras y procesos.
_pCiencias sociales
534 _pTítulo original:
_tLa condition historique
650 4 _aHistoria
_xFilosofía
_96938
905 _aLibro
999 _c155154
_d155154